Countries of Africa with an Empty Map by Area - Statistics

General Stats
  • This quiz has been taken 705 times
  • The average score is 37 of 54
Answers on the Map
Answers color-coded by a green-red scale on the quiz's map according to % correct below.
 
Answer Stats
Country % Correct
Algeria
100%
Congo (Dem. Rep.)
95%
Sudan
93%
Libya
91%
Chad
90%
Niger
89%
Angola
86%
Mali
85%
South Africa
84%
Egypt
83%
Ethiopia
83%
Mauritania
82%
Tanzania
81%
Namibia
80%
Nigeria
80%
Mozambique
79%
Zambia
77%
Somalia
74%
Central African Republic
73%
South Sudan
73%
Botswana
72%
Cameroon
72%
Kenya
72%
Madagascar
69%
Morocco
69%
Zimbabwe
69%
Congo (Rep.)
66%
Burkina Faso
64%
Côte d'Ivoire
63%
Uganda
61%
Gabon
60%
Guinea
60%
Ghana
59%
Malawi
58%
Senegal
58%
Togo
57%
Tunisia
57%
Benin
56%
Eritrea
56%
São Tomé and Príncipe
55%
Sierra Leone
55%
Cape Verde
54%
Comoros
54%
Lesotho
54%
Liberia
54%
Seychelles
54%
Mauritius
53%
Rwanda
53%
Burundi
52%
Djibouti
52%
Equatorial Guinea
52%
Gambia
52%
Guinea-Bissau
52%
Swaziland
50%
No matching quizzes found
Score Distribution
Percent of People with Each Score
Percentile by Number Answered
Your Score History
You have not taken this quiz